Entry Personal Name
Number of records used in: 1
001 - CONTROL NUMBER
003 - CONTROL NUMBER IDENTIFIER
005 - DATE AND TIME OF LATEST TRANSACTION
- control field:
20200116154556.0
008 - FIXED-LENGTH DATA ELEMENTS
- fixed length control field:
800709n| azannaabn |n aaa
010 ## - LIBRARY OF CONGRESS CONTROL NUMBER
- LC control number:
n 79091316
035 ## - SYSTEM CONTROL NUMBER
- System control number:
(CaEvSKY)skya1403891
040 ## - CATALOGING SOURCE
- Original cataloging agency:
DLC
- Language of cataloging:
eng
- Description conventions:
rda
- Transcribing agency:
DLC
- Modifying agency:
DLC
- Modifying agency:
MX-MoT
046 ## - SPECIAL CODED DATES
- Birth date:
1916-09-16
- Death date:
2006-12-01
- Source of date scheme:
edtf
100 1# - HEADING--PERSONAL NAME
- Personal name:
Anthony, Robert N.
- Fuller form of name:
(Robert Newton),
- Dates associated with a name:
1916-2006
370 ## - ASSOCIATED PLACE
- Place of birth:
Orange (Mass.)
- Place of death:
Hanover (N.H.)
- Source of term:
naf
373 ## - ASSOCIATED GROUP
- Associated group:
Harvard Business School
- Source of term:
naf
375 ## - GENDER
- Gender:
Males
- Source of term:
lcdgt
377 ## - ASSOCIATED LANGUAGE
378 ## - FULLER FORM OF PERSONAL NAME
- Fuller form of personal name:
Robert Newton
670 ## - SOURCE DATA FOUND
- Source citation:
His Management controls in industrial research ... 1952.
670 ## - SOURCE DATA FOUND
- Source citation:
Welsch, G.A. Fundamentals of financial accounting, 1981:
- Information found:
t.p. (Robert N. Anthony)
670 ## - SOURCE DATA FOUND
- Source citation:
New York times WWW site, Dec 18, 2006
- Information found:
(Robert N. Anthony; b. Robert Newton Anthony, Sept. 6, 1916, Orange, Mass.; d. Dec. 1, Hanover, N.H., aged 90; professor at the Harvard Business School and influential author who helped make the numbers-crunching of accountants more comprehensible to business executives)
670 ## - SOURCE DATA FOUND
- Source citation:
LC database, Dec. 18, 2006
- Information found:
(hdg.: Anthony, Robert Newton, 1916- ; usage: Robert N. Anthony)